| 000 | 00632nam a2200181 i 4500 | ||
|---|---|---|---|
| 001 | 70170 | ||
| 003 | ES-MaACL | ||
| 005 | 20230906170734.0 | ||
| 007 | t| | ||
| 008 | 040719s1964 sp ||||1| spa d | ||
| 100 | 1 |
_aGarcía de Pedraza, Lorenzo. _954483 |
|
| 245 | 1 | 3 |
_aLa predicción del tiempo en el valle del Ebro / _cpor Lorenzo García de Pedraza. |
| 260 |
_aMadrid : _b[s.n., _c1964] ( _fGráf. Virgen de Loreto) |
||
| 300 |
_a99 p. : _bil. ; _c24 cm. |
||
| 500 | _aPrecede al tít.: Servicio Meteorológico Nacional. | ||
| 710 | 1 |
_aEspaña. _bServicio Meteorológico Nacional. _93981 |
|
| 852 |
_aES-MaACL _jC-27382 _bR.56508 |
||
| 999 |
_c70170 _d70170 |
||